000 005670000a22002050004500
020 _a950-524-719-2
041 0 _aSPA
082 0 4 _aG 294.3 S3451s
100 1 _aScholegl, Irmgard
245 1 0 _aLa sabiduría del Zen / Irmgard Schloegl; Juan Valmard, Traductor
250 _a2
260 _aBuenos Aires, Argentina : Lidiun
300 _a107 Pag
500 _aTítulo original : The wisdom of the Zen masters
001 8992
942 _cBK
999 _c39082
_d39082
336 _atexto
_btxt
_2rdacontent
337 _2rdamedia
_asin mediación
_bn
338 _2rdacarrier
_avolumen
_bnc